[Event "Heraklion op 6th"]
[Site "Heraklion"]
[Date "2010.08.26"]
[Round "6"]
[White "Tsichlis, Giannis"]
[Black "Maniotis, Paschalis"]
[Result "1-0"]
[WhiteElo "1130"]
[BlackElo "1005"]
[PlyCount "81"]
[EventDate "2010.08.22"]
[EventType "swiss"]
[EventRounds "9"]
[EventCountry "GRE"]
[SourceTitle "CBM 138 Extra"]
[Source "ChessBase"]
[SourceDate "2010.10.29"]
[SourceVersion "1"]
[SourceVersionDate "2010.10.29"]
[SourceQuality "1"]

1. d4 d5 2. c4 c6 3. cxd5 cxd5 4. Nc3 Nf6 5. Bf4 a6 6. e3 Bf5 7. Bd3 Bxd3 8. Qxd3 Nc6 9. a3 e6 10. Nf3 Bd6 11. Bg3 0-0 12. 0-0 Qd7 13. Rac1 Rac8 14. Na4 Qc7 15. b4 Bxg3 16. hxg3 e5 17. Nh2 exd4 18. exd4 Rfe8 19. Nf3 Qd6 20. Nc5 Rc7 21. Rfe1 Rce7 22. Nxb7 Rxb7 23. Rxe8+ Nxe8 24. Qxa6 Rc7 25. Rc5 Nf6 26. b5 Ne4 27. Rxc6 Rxc6 28. Qxc6 Qxc6 29. bxc6 f6 30. Ne1 Kf7 31. Nc2 Ke7 32. Nb4 Kd6 33. c7 Kxc7 34. Nxd5+ Kc6 35. Ne3 g6 36. Kf1 Kb5 37. Ke2 f5 38. Kf3 Kc6 39. g4 Ng5+ 40. Kf4 Ne6+ 41. Ke5 1-0